书目信息 |
| 题名: |
信息化与经济发展
|
|
| 作者: | 李晓东 著 | |
| 分册: | ||
| 出版信息: | 北京 中国发展出版社 2000.04 |
|
| 页数: | 278页 | |
| 开本: | 32开 | |
| 丛书名: | 2000年发展文库 | |
| 单 册: | ||
| 中图分类: | F062.5 | |
| 科图分类: | ||
| 主题词: | 信息技术--经济发展 | |
| 电子资源: | ||
| ISBN: | 7-80087-436-2 | |
| 000 | 00674nam0 2200229 45 | |
| 001 | 0106210989 | |
| 005 | 20031219104053.6 | |
| 010 | @a7-80087-436-2@dCNY16.80 | |
| 100 | @a20010621d2000 km y0chiy0120 ea | |
| 101 | 0 | @achi |
| 105 | @a z 000yy | |
| 200 | 1 | @a信息化与经济发展@AXin Xi Hua Yu Jing Ji Fa Zhan@f李晓东著@FLi Xiao Dong Zhu |
| 210 | @a北京@c中国发展出版社@d2000.04 | |
| 215 | @a278页@d32开 | |
| 225 | @a2000年发展文库@f马洪主编 | |
| 410 | @12001 @a2000年发展文库 | |
| 410 | @1700 0@a马洪@AMa Hong@4主编 | |
| 606 | 0 | @a信息技术@x经济发展 |
| 690 | @aF062.5@v4 | |
| 701 | @a李晓东@4著 | |
| 801 | @aCN@bTSTC@c20020313 | |
| 905 | @b306193-197@dF062.5@e15@f5 | |
| 信息化与经济发展/李晓东著.-北京:中国发展出版社,2000.04 |
| 278页;32开.-(2000年发展文库/马洪主编) |
| ISBN 7-80087-436-2:CNY16.80 |
| ● |
| 相关链接 |
|
|
|
|
正题名:信息化与经济发展
索取号:F062.5/15
 
预约/预借
| 序号 | 登录号 | 条形码 | 馆藏地/架位号 | 状态 | 备注 |
| 1 | 0306193 | 203061934 | 密集书库/ [索取号:F062.5/15] | 在馆 | |
| 2 | 0306194 | 203061943 | 第一样本阅览室/ [索取号:F062.5/15] | 在馆 | |
| 3 | 0306195 | 203061952 | 第一借阅区/ [索取号:F062.5/15] | 在馆 | |
| 4 | 0306196 | 203061961 | 第一借阅区/ [索取号:F062.5/15] | 在馆 | |
| 5 | 0306197 | 203061970 | 第一借阅区/ [索取号:F062.5/15] | 在馆 |